[Event "GER GM08-A email"]
[Site "GER email"]
[Date "2019.06.19"]
[Round "?"]
[White "Kurth, Wilfried"]
[Black "Dunlop, Gordon"]
[Result "1/2-1/2"]
[WhiteElo "2528"]
[BlackElo "2536"]
[PlyCount "49"]
[EventDate "2019.??.??"]
[EventType "tourn (corr)"]
[EventRounds "13"]
[EventCountry "GER"]
[SourceTitle "Corr 2022"]
[Source "ChessBase"]
[SourceDate "2021.10.24"]
[SourceVersion "1"]
[SourceVersionDate "2021.10.24"]
[SourceQuality "1"]

1. d4 Nf6 2. Bg5 d5 3. e3 c5 4. Bxf6 gxf6 5. Nc3 Nc6 6. Qh5 e6 7. Nf3 cxd4 8. exd4 Bd7 9. Bb5 a6 10. Bxc6 Bxc6 11. 0-0 Qc7 12. a4 0-0-0 13. Rfb1 Be8 14. Ne2 Kb8 15. c3 Bd6 16. Qh6 f5 17. Nc1 Bd7 18. Nd3 Rhg8 19. Nfe5 Bc8 20. b4 Qe7 21. b5 f6 22. c4 fxe5 23. c5 Qf8 24. Qd2 e4 25. bxa6 1/2-1/2

[Event "GER GM08-A email"]
[Site "GER email"]
[Date "2019.06.19"]
[Round "?"]
[White "Kurth, Wilfried"]
[Black "Fleetwood, Daniel M"]
[Result "1/2-1/2"]
[WhiteElo "2528"]
[BlackElo "2581"]
[PlyCount "59"]
[EventDate "2019.??.??"]
[EventType "tourn (corr)"]
[EventRounds "13"]
[EventCountry "GER"]
[SourceTitle "Corr 2022"]
[Source "ChessBase"]
[SourceDate "2021.10.24"]
[SourceVersion "1"]
[SourceVersionDate "2021.10.24"]
[SourceQuality "1"]

1. d4 d5 2. Bf4 Nf6 3. e3 c5 4. dxc5 e6 5. b4 a5 6. c3 Bd7 7. Nd2 axb4 8. cxb4 b6 9. cxb6 Bxb4 10. Bc7 Qe7 11. b7 Ra3 12. Bxb8 0-0 13. Be5 Ba4 14. Qb1 d4 15. exd4 Bxd2+ 16. Kxd2 Ne4+ 17. Ke1 Bb3 18. Qxe4 Qb4+ 19. Ke2 Bc4+ 20. Kd1 Bxa2 21. Qc2 Bb3 22. Rxa3 Bxc2+ 23. Kxc2 Qxa3 24. b8Q Rxb8 25. Bxb8 Qa2+ 26. Kd1 Qb1+ 27. Ke2 Qb5+ 28. Ke1 Qb4+ 29. Ke2 Qc4+ 30. Ke1 1/2-1/2

[Event "GER GM08-A email"]
[Site "GER email"]
[Date "2019.06.19"]
[Round "?"]
[White "Kurth, Wilfried"]
[Black "Korze, Danilo"]
[Result "1/2-1/2"]
[WhiteElo "2528"]
[BlackElo "2567"]
[PlyCount "63"]
[EventDate "2019.??.??"]
[EventType "tourn (corr)"]
[EventRounds "13"]
[EventCountry "GER"]
[SourceTitle "Corr 2022"]
[Source "ChessBase"]
[SourceDate "2021.10.24"]
[SourceVersion "1"]
[SourceVersionDate "2021.10.24"]
[SourceQuality "1"]

1. d4 d5 2. Bf4 c5 3. e3 Nc6 4. c3 Nf6 5. Nd2 Bf5 6. Ngf3 Qb6 7. Nh4 Bd7 8. Qb3 c4 9. Qc2 Nh5 10. Bg3 Nxg3 11. hxg3 g6 12. Be2 Bg7 13. e4 Nxd4 14. cxd4 Bxd4 15. 0-0 Qxb2 16. Qxb2 Bxb2 17. Rab1 c3 18. exd5 g5 19. Nc4 gxh4 20. Nxb2 cxb2 21. gxh4 Rc8 22. Rxb2 b6 23. Re1 Kf8 24. Bh5 Rc5 25. Rd2 Rg8 26. Rd4 b5 27. Rde4 Rxd5 28. Rxe7 Rxh5 29. Rxd7 Rxh4 30. Rxa7 Rg5 31. Ree7 Rf4 32. Re3 1/2-1/2

[Event "GER GM08-A email"]
[Site "GER email"]
[Date "2019.06.19"]
[Round "?"]
[White "Kurth, Wilfried"]
[Black "Murray, Tim"]
[Result "1/2-1/2"]
[WhiteElo "2528"]
[BlackElo "2564"]
[PlyCount "37"]
[EventDate "2019.??.??"]
[EventType "tourn (corr)"]
[EventRounds "13"]
[EventCountry "GER"]
[SourceTitle "Corr 2022"]
[Source "ChessBase"]
[SourceDate "2021.10.24"]
[SourceVersion "1"]
[SourceVersionDate "2021.10.24"]
[SourceQuality "1"]

1. d4 d5 2. Bf4 c5 3. e3 Nc6 4. c3 Nf6 5. Nd2 Bf5 6. Ngf3 e6 7. Nh4 Be4 8. Qb3 Qc8 9. f3 Bg6 10. g4 a6 11. Be2 Qd7 12. Nxg6 hxg6 13. dxc5 e5 14. Bg5 Nh7 15. Bh4 Bxc5 16. Nf1 Nf8 17. Bg3 0-0-0 18. 0-0-0 Ne6 19. Kb1 1/2-1/2